• 首页
  • 本馆介绍
  • 公告通知
  • 最新文献
  • 馆藏检索
  • 电子资源
  • 读者导购
  • 参考咨询
  • 我的图书馆
  • 登录
  • 详细信息显示
  • 放入我的书架
  • 预约/预借图书
  • 作者相关作品
  • 分类相关作品
  • 丛书相关作品
  • 出版社相关作品

书目信息

  • 表格格式
  • 工作单格式
  • 卡片格式
题名:
统计模式识别
    
 
作者: Andrew R.Webb 著 ;杨培龙 , 罗颖昕 , 王萍 译
分册:  
出版信息: 北京   电子工业出版社  2004
页数: 10,385页
开本: 26cm
丛书名: 国外计算机科学教材系列
单 册:
中图分类: O235
科图分类:
主题词: 统计模式识别 , 统计模式识别--教材
电子资源:
ISBN: 7-121-00432-1
000 01092oam2 2200337 450
001 05002763754
005 20051122092845.76
010    @a7-121-00432-1@dCNY45.00
092    @aCN
100    @a20050107d2004 ekmy0chiy0120 ea
101 1  @achi@ceng
102    @aCN@b110000
105    @aak az 000yy
200 1  @a统计模式识别@9tong ji mo shi shi bie@f(英)Andrew R.Webb著@F(ying)Andrew R.Webb zhu@g王萍,杨培龙,罗颖昕译
210    @a北京@c电子工业出版社@d2004
215    @a10,385页@c图@d26cm
225 2  @a国外计算机科学教材系列
305    @a据原著第2版译出
306    @aJohn Wiley & Sons授权出版
320    @a有书目
330    @a本书对统计模式识别的基本理论和技术做了全面且详尽的介绍。包括用于分离器设计的重要方法和用于数据分析的关键技术。
461  0 @12001 @a国外计算机科学教材系列
606 0  @a统计模式识别
606 0  @a统计模式识别@j教材
690    @aO235@v4
701  0 @aAndrew R.Webb@4著
702  0 @a杨培龙@9yang pei long@4译
702  0 @a罗颖昕@9luo ying xin@4译
702  0 @a王萍@9wang ping@4译
801  0 @aCN@bTSSF@c20051122
905    @a10447@dO235@e29
    
    统计模式识别/(英)Andrew R.Webb著/王萍,杨培龙,罗颖昕译.-北京:电子工业出版社,2004
    10,385页:图;26cm.-(国外计算机科学教材系列)
    
    
    ISBN 7-121-00432-1:CNY45.00
    本书对统计模式识别的基本理论和技术做了全面且详尽的介绍。包括用于分离器设计的重要方法和用于数据分析的关键技术。
●
相关链接 在E读中查询图书 在五车中查询图书 在当当中查询图书 在豆瓣中查询图书


正题名:统计模式识别     索取号:O235/29         预约/预借

序号 登录号 条形码 馆藏地/架位号 状态 备注
1 0362394   3623948   第二样本阅览室/ [索取号:O235/29] 在馆    
2 0362395   3623957   第三借阅区/ [索取号:O235/29] 在馆    
3 0362530   3625303   第三借阅区/ [索取号:O235/29] 在馆    
4 0368660   203686608   第三借阅区/ [索取号:O235/29] 在馆    
5 0368661   203686617   第三借阅区/ [索取号:O235/29] 在馆    
6 0368662   203686626   第三借阅区/ [索取号:O235/29] 在馆    
7 0368663   203686635   第三借阅区/ [索取号:O235/29] 在馆    
8 0368664   203686644   第三借阅区/ [索取号:O235/29] 在馆    
唐山师范学院图书馆 欢迎您!
大连网信软件有限公司© 版权所有